| 000 | 00458nam a22001817a 4500 | ||
|---|---|---|---|
| 003 | MPLRDC | ||
| 005 | 20220104144342.0 | ||
| 008 | 210129b ||||| |||| 00| 0 eng d | ||
| 020 | _a7-224-00158-9 | ||
| 082 | _a192.8 RKH 1988 | ||
| 100 | _a任关华等编 | ||
| 245 |
_a中国古代格言小辞典 _c |
||
| 250 | _a初版 | ||
| 260 |
_a _b陕西人民出版社 _c1988 |
||
| 300 | _b平 | ||
| 650 | _a格言; 箴言; 金言 | ||
| 942 |
_cBK _o192.8 RKH 1988 |
||
| 999 |
_c48792 _d48782 |
||